Match the Disney Princess to the Movie! - Statistics

General Stats
  • This quiz has been taken 65 times
  • The average score is 8 of 10
Answer Stats
Hint Answer % Correct
Frozen Elsa
98%
Beauty & the Beast Belle
96%
Little Mermaid Ariel
94%
Aladdin Jasmine
93%
Tangled Rapunzel
91%
Sleeping Beauty Aurora
89%
Brave Merida
85%
Princess and the Frog Tiana
83%
Encanto Mirabel
52%
Wreck it Ralph Vanellope
44%
No matching quizzes found
Score Distribution
Percent of People with Each Score
Percentile by Number Answered
Your Score History
You have not taken this quiz